000 00510nam a2200193Ia 4500
003 GCL
008 140319s9999 xx 000 0 eng d
020 _a0855329610
040 _aGCL /
_cGCL
082 0 4 _a751.426
_bHE
100 1 _aHARRISON, HAZEL
245 1 0 _aTHE ENCYCLOPEDIA OF ACRYLIC TECHIQUES /
_cHARRISON, HAZEL
260 _a[S.N] :
_bSEARCH PRESS ،
_c2002
300 _a175 P ؛
_c22 cm.
650 0 4 _aCOLOUR
650 0 4 _aPAINTING
650 0 4 _aACRYLIC PAINTING TECHNIQUE
942 _2ddc
_cBK
999 _c6588
_d6588